000 00487nam a2200181Ia 4500
001 10875
005 20260306161904.0
008 260306t2008||||xx |||||||||||||| ||spa||
041 _aESP
082 _a980
_bH59 V. 7
100 _aAyala Mora, Enrique
_eAUT
245 0 _aLos proyectos nacionales latinoamericanos:
_bsus instrumentos y articulación, 1870-1930
260 _c2008
300 _a690 pƔginas :
_c25 cm.
650 _aGEN
654 _aCHU
942 _cLIB
_dJUS
_fJUS
_2ddc
_n
999 _c10875
_d10875